[Event "World Blitz 2023"]
[Site "Samarkand UZB"]
[Date "2023.12.29"]
[EventDate "2023.12.29"]
[Round "6.46"]
[Result "1-0"]
[White "Kacper Piorun"]
[Black "Andrey Gorovets"]
[WhiteElo "2589"]
[BlackElo "2418"]
[PlyCount "68"]

1. d4 f5 2. Nf3 Nf6 3. e3 g6 4. c4 Bg7 5. Be2 d6 6. b4 a5 7. b5 O-O 8. a4
c5 9. bxc6 bxc6 10. Nc3 Na6 11. O-O Nb4 12. Ba3 h6 13. Rb1 c5 14. Qc1 Be6
15. Rd1 Qc8 16. dxc5 Qxc5 17. Nd2 Ng4 18. h3 Nxf2 19. Kxf2 f4 20. Nde4
fxe3+ 21. Kg1 Qe5 22. Bxb4 axb4 23. Rxb4 Bxh3 24. Qxe3 Be6 25. Rb5 Qf4 26.
Qxf4 Rxf4 27. Rb7 Re8 28. a5 Bf5 29. Bf3 g5 30. Nd5 Rxe4 31. Bxe4 Bxe4 32.
a6 e6 33. a7 exd5 34. Rb8 1-0

[Event "World Blitz 2023"]
[Site "Samarkand UZB"]
[Date "2023.12.29"]
[EventDate "2023.12.29"]
[Round "6.47"]
[Result "1-0"]
[White "Klementy Sychev"]
[Black "Arystanbek Urazayev"]
[WhiteElo "2583"]
[BlackElo "2408"]
[PlyCount "72"]

1. e4 e5 2. Nf3 Nc6 3. d4 exd4 4. Nxd4 Nf6 5. Nxc6 bxc6 6. e5 Qe7 7. Qe2
Nd5 8. g3 Bb7 9. Bg2 O-O-O 10. O-O Re8 11. f4 f6 12. c4 Nb6 13. Kh1 fxe5
14. f5 e4 15. Nc3 c5 16. Bf4 e3 17. Rae1 Qf7 18. b3 Be7 19. Bxb7+ Kxb7 20.
Qg2+ Kb8 21. Rxe3 Bd8 22. a4 a5 23. Nb5 d6 24. g4 h5 25. Rxe8 Rxe8 26. Bxd6
cxd6 27. Nxd6 Qd7 28. Nxe8 Qxe8 29. gxh5 Bf6 30. Qf3 Nc8 31. Qg3+ Kb7 32.
Re1 Qc6+ 33. Qg2 Nd6 34. h6 Nxf5 35. Qxc6+ Kxc6 36. h7 1-0

[Event "World Blitz 2023"]
[Site "Samarkand UZB"]
[Date "2023.12.29"]
[EventDate "2023.12.29"]
[Round "6.48"]
[Result "1-0"]
[White "V Pranav"]
[Black "Tigran K Harutyunyan"]
[WhiteElo "2562"]
[BlackElo "2407"]
[PlyCount "108"]

1. e4 e5 2. Nf3 Nc6 3. Bb5 a6 4. Ba4 Nf6 5. O-O Be7 6. d3 b5 7. Bb3 d6 8.
c3 O-O 9. a4 Bd7 10. Bc2 h6 11. h3 Re8 12. Re1 Bf8 13. Nbd2 Ne7 14. d4 Ng6
15. Nf1 c6 16. Ng3 Qc7 17. Be3 Rad8 18. Qc1 Bc8 19. axb5 axb5 20. dxe5 Nxe5
21. Nxe5 dxe5 22. Ra7 Qb8 23. Bb3 Be6 24. Bxe6 Rxe6 25. Qc2 Rd7 26. Ra5 Qd8
27. Rea1 Re8 28. Ra6 Qc8 29. c4 Red8 30. Kh2 Ne8 31. b3 g6 32. Ne2 Rd3 33.
Ra8 Qe6 34. cxb5 cxb5 35. Nc3 Nc7 36. Rxd8 Rxd8 37. Ne2 Qd6 38. Ra7 Ne6 39.
Nc3 Nd4 40. Qb2 Qc5 41. Ra1 Qb4 42. Nd5 Qd6 43. Rc1 Ne6 44. Bb6 Ra8 45. b4
Bg7 46. Rc6 Qf8 47. Bc5 Qe8 48. Rb6 Kh7 49. Rb7 Rb8 50. Re7 Qg8 51. Bd6 Rd8
52. Bxe5 Bxe5+ 53. Qxe5 h5 54. Nf6+ 1-0

[Event "World Blitz 2023"]
[Site "Samarkand UZB"]
[Date "2023.12.29"]
[EventDate "2023.12.29"]
[Round "6.49"]
[Result "1-0"]
[White "Cem Kaan Gokerkan"]
[Black "Robert Ruck"]
[WhiteElo "2365"]
[BlackElo "2561"]
[PlyCount "148"]

1. e4 c6 2. d4 d5 3. e5 Bf5 4. h4 Qb6 5. Nc3 h5 6. Na4 Qc7 7. Bd3 Bxd3 8.
Qxd3 e6 9. Nf3 Nd7 10. O-O Ne7 11. Nc3 Nf5 12. Bg5 a6 13. Ne2 c5 14. c4
dxc4 15. Qxc4 Nb6 16. Qc2 Rc8 17. Rac1 Nd5 18. Nf4 Nxf4 19. Bxf4 Qd7 20.
Rfd1 c4 21. Qe4 Qd5 22. Qe2 Be7 23. Bg5 Bxg5 24. hxg5 O-O 25. Nd2 g6 26.
Ne4 Kg7 27. Nf6 Qa5 28. d5 exd5 29. Rxd5 Qb6 30. Rd7 Nd4 31. Qe4 Ne6 32.
Rxb7 Qa5 33. Rxc4 Rxc4 34. Qxc4 Qe1+ 35. Qf1 Qxe5 36. Nd7 Qd5 37. Nxf8 Qxb7
38. Nxe6+ fxe6 39. Qe2 Qd5 40. Qxa6 Qxg5 41. Qxe6 Qc1+ 42. Kh2 Qf4+ 43. Kg1
Qc1+ 44. Kh2 Qf4+ 45. Kh3 Qxf2 46. Qe7+ Kh6 47. Qe5 Qf1 48. Qe3+ g5 49. Kh2
h4 50. Qe6+ Kh5 51. Qe8+ Kh6 52. Qc6+ Kg7 53. Qb7+ Kg6 54. Qe4+ Kh6 55. a4
Qc1 56. Qe6+ Kh5 57. Qe8+ Kh6 58. Qe6+ Kh5 59. Qe2+ Kh6 60. Qe5 g4 61. Qf6+
Kh5 62. Qf5+ Kh6 63. Qxg4 Qxb2 64. Qxh4+ Kg6 65. a5 Kf5 66. Qh5+ Ke6 67.
Qg6+ Ke7 68. Qg5+ Ke6 69. a6 Qb8+ 70. Kh3 Qh8+ 71. Kg3 Qc3+ 72. Kg4 Qc4+
73. Kh5 Qe2+ 74. Qg4+ 1-0

[Event "World Blitz 2023"]
[Site "Samarkand UZB"]
[Date "2023.12.29"]
[EventDate "2023.12.29"]
[Round "6.50"]
[Result "1/2-1/2"]
[White "Surya Shekhar Ganguly"]
[Black "Ediz Gurel"]
[WhiteElo "2549"]
[BlackElo "2359"]
[PlyCount "110"]

1. e4 c5 2. Nf3 e6 3. Nc3 Nc6 4. d4 cxd4 5. Nxd4 Qc7 6. Be2 a6 7. Nxc6 bxc6
8. Qd3 d5 9. Qg3 Qxg3 10. hxg3 Nf6 11. g4 Bb4 12. Bd2 Rb8 13. g5 Nxe4 14.
Nxe4 dxe4 15. O-O-O Bxd2+ 16. Rxd2 Ke7 17. Rh4 c5 18. Rxe4 Bb7 19. Re5 Rbc8
20. g3 h6 21. b3 hxg5 22. Rxg5 Kf6 23. f4 Rh1+ 24. Kb2 Rh2 25. Kc3 a5 26.
Bc4 Rxd2 27. Kxd2 Be4 28. Kc3 Rc7 29. g4 Bf3 30. Kd2 g6 31. Ke3 Bb7 32. Re5
Ke7 33. g5 Kd6 34. Kd2 Rc8 35. Re3 Rh8 36. Rd3+ Bd5 37. Bb5 Rh2+ 38. Kc1
Kc7 39. Be8 Be4 40. Rd7+ Kc8 41. Rd2 Rh1+ 42. Kb2 Rf1 43. Bxf7 Rxf4 44.
Bxe6+ Kc7 45. Rd7+ Kc6 46. Rf7 Rxf7 47. Bxf7 Kd6 48. Kc3 Ke5 49. Kc4 Bxc2
50. Kxc5 Kf5 51. a4 Kxg5 52. Kb5 Kf4 53. Kxa5 g5 54. Be6 g4 55. Bxg4 Bxb3
1/2-1/2

[Event "World Blitz 2023"]
[Site "Samarkand UZB"]
[Date "2023.12.29"]
[EventDate "2023.12.29"]
[Round "6.51"]
[Result "1-0"]
[White "Sergey Grigoriants"]
[Black "Mikhail Markov"]
[WhiteElo "2532"]
[BlackElo "2255"]
[PlyCount "88"]

1. e4 c5 2. Nf3 d6 3. Bb5+ Bd7 4. c4 Nc6 5. d4 Nxd4 6. Nxd4 cxd4 7. Bxd7+
Qxd7 8. Qxd4 Nf6 9. Nc3 g6 10. O-O Bg7 11. Qd3 O-O 12. Bg5 Rfc8 13. Rad1 h6
14. Bf4 Qe6 15. b3 a6 16. a4 Rc6 17. Rfe1 Qc8 18. h3 Nd7 19. Nd5 Qd8 20.
Qe3 Kh7 21. Bg3 Nc5 22. Bh4 g5 23. Bg3 Qe8 24. e5 dxe5 25. Bxe5 Ne6 26.
Bxg7 Kxg7 27. Qe5+ Kg8 28. Rd3 Rd8 29. Red1 Rcd6 30. Nxe7+ Qxe7 31. Rxd6
Rxd6 32. Rxd6 Qe8 33. Qf6 Kh7 34. g3 Kg8 35. h4 Qc8 36. Qxh6 Qc5 37. Rd5
Qa3 38. hxg5 Qxb3 39. g6 Qb1+ 40. Kg2 Qe4+ 41. Kg1 Qe1+ 42. Kg2 Qe4+ 43.
Kh2 Qxc4 44. Qh7+ 1-0

[Event "World Blitz 2023"]
[Site "Samarkand UZB"]
[Date "2023.12.29"]
[EventDate "2023.12.29"]
[Round "6.52"]
[Result "1/2-1/2"]
[White "Artem Pingin"]
[Black "Stepan Zilka"]
[WhiteElo "2358"]
[BlackElo "2494"]
[PlyCount "130"]

1. e4 e5 2. Nf3 Nc6 3. Bb5 Nf6 4. d3 Bc5 5. Bxc6 dxc6 6. Nbd2 Nd7 7. Nc4 f6
8. O-O Nf8 9. Nh4 Be6 10. Be3 Bb6 11. b3 Ng6 12. Qh5 Bf7 13. Nf5 O-O 14.
Qh3 Ne7 15. Nh4 Qc8 16. Qg3 Kh8 17. a4 g5 18. Nf3 Ng6 19. a5 Nf4 20. Kh1
Nh5 21. Qh3 g4 22. Qh4 Bxe3 23. Nfxe5 fxe5 24. fxe3 Qe8 25. Rf5 Bxc4 26.
Rxh5 Bg8 27. Qxg4 Qe6 28. Qg3 Rae8 29. Rg1 Rf6 30. h3 Rg6 31. Qh4 Qf6 32.
Qe1 Be6 33. Rf1 Qg7 34. Rf2 Rg8 35. Qf1 Rg3 36. Kh2 Rxe3 37. Rf6 Rg3 38.
Rf2 Bf7 39. Rhf5 Be6 40. Rh5 Rg5 41. Rh4 Qe7 42. Kh1 Rxg2 43. Rxg2 Qxh4 44.
Rxg8+ Kxg8 45. Qg1+ Kf7 46. Qxa7 Qxh3+ 47. Kg1 Qg3+ 48. Kf1 Qf3+ 49. Ke1
Bg4 50. Kd2 Qe2+ 51. Kc3 Qe1+ 52. Kb2 Qb4 53. Qf2+ Kg6 54. Qg3 Qd4+ 55. c3
Qd7 56. Qxe5 Qxd3 57. Qe8+ Kg5 58. Qe7+ Kf4 59. Qxc7+ Kf3 60. Qxb7 Qd2+ 61.
Ka3 Qxc3 62. a6 Qa5+ 63. Kb2 Qd2+ 64. Ka3 Qa5+ 65. Kb2 1/2-1/2

[Event "World Blitz 2023"]
[Site "Samarkand UZB"]
[Date "2023.12.29"]
[EventDate "2023.12.29"]
[Round "6.53"]
[Result "1-0"]
[White "Munkhdalai Amilal"]
[Black "Sandipan Chanda"]
[WhiteElo "2293"]
[BlackElo "2490"]
[PlyCount "56"]

1. e4 c5 2. Nf3 d6 3. Bb5+ Bd7 4. Bxd7+ Qxd7 5. O-O Nf6 6. Re1 e6 7. d4
cxd4 8. Nxd4 Be7 9. c4 O-O 10. Nc3 a6 11. b3 Qc7 12. Bb2 Rd8 13. Qe2 Nc6
14. Red1 Nxd4 15. Rxd4 Nd7 16. Rd3 Rac8 17. Rad1 Nc5 18. Rg3 Bf8 19. Qg4 g6
20. h4 Bg7 21. h5 Qc6 22. hxg6 hxg6 23. Rh3 b5 24. Qh4 bxc4 25. Nd5 Bxb2
26. Ne7+ Kf8 27. Nxc6 Rd7 28. e5 1-0